<?xml version="1.0" encoding="UTF-8"?><record xmlns="http://www.loc.gov/MARC21/slim" xmlns:zs="http://docs.oasis-open.org/ns/search-ws/sruResponse">
  <leader>03992ckm a22007457a 4500</leader>
  <controlfield tag="001">12648784</controlfield>
  <controlfield tag="005">20250606191853.3</controlfield>
  <controlfield tag="007">kh||||</controlfield>
  <controlfield tag="007">cr||||</controlfield>
  <controlfield tag="008">020117s1943    |||nnn       |    kneng  </controlfield>
  <datafield ind1=" " ind2=" " tag="035">
    <subfield code="a">12648784</subfield>
  </datafield>
  <datafield ind1=" " ind2=" " tag="906">
    <subfield code="a">7</subfield>
    <subfield code="b">cbc</subfield>
    <subfield code="c">orignew</subfield>
    <subfield code="d">u</subfield>
    <subfield code="e">ncip</subfield>
    <subfield code="f">20</subfield>
    <subfield code="g">y-printpho</subfield>
  </datafield>
  <datafield ind1=" " ind2=" " tag="955">
    <subfield code="a">ntm 2022-10r</subfield>
  </datafield>
  <datafield ind1=" " ind2=" " tag="955">
    <subfield code="a">qw44 2017-10r</subfield>
  </datafield>
  <datafield ind1=" " ind2=" " tag="955">
    <subfield code="a">LCAP batch update 2025-06-01-04:00: LCAPM-861</subfield>
  </datafield>
  <datafield ind1=" " ind2=" " tag="010">
    <subfield code="a">  2002695992</subfield>
  </datafield>
  <datafield ind1=" " ind2=" " tag="035">
    <subfield code="a">(DLC)12648784</subfield>
  </datafield>
  <datafield ind1=" " ind2=" " tag="035">
    <subfield code="a">(DLC)  2002695992</subfield>
  </datafield>
  <datafield ind1=" " ind2=" " tag="037">
    <subfield code="a">LC-DIG-ppprs-00369</subfield>
    <subfield code="b">DLC</subfield>
    <subfield code="c">(b&amp;w digital file from original print)</subfield>
  </datafield>
  <datafield ind1=" " ind2=" " tag="037">
    <subfield code="a">LC-DIG-ppprs-00202</subfield>
    <subfield code="b">DLC</subfield>
    <subfield code="c">(b&amp;w digital file from original neg.)</subfield>
  </datafield>
  <datafield ind1=" " ind2=" " tag="037">
    <subfield code="a">LC-USZC4-4834</subfield>
    <subfield code="b">DLC</subfield>
    <subfield code="c">(color film copy transparency)</subfield>
  </datafield>
  <datafield ind1=" " ind2=" " tag="037">
    <subfield code="a">LC-USZCN4-91</subfield>
    <subfield code="b">DLC</subfield>
    <subfield code="c">(color film copy neg.)</subfield>
  </datafield>
  <datafield ind1=" " ind2=" " tag="037">
    <subfield code="a">LC-A351-T01-3-M-6</subfield>
    <subfield code="b">DLC</subfield>
    <subfield code="c">(b&amp;w film dup. neg.)</subfield>
  </datafield>
  <datafield ind1=" " ind2=" " tag="040">
    <subfield code="a">DLC</subfield>
    <subfield code="c">DLC</subfield>
    <subfield code="e">gihc</subfield>
    <subfield code="d">DLC</subfield>
  </datafield>
  <datafield ind1="0" ind2="0" tag="050">
    <subfield code="a">LOT 10479-4,</subfield>
    <subfield code="b">no. 22</subfield>
  </datafield>
  <datafield ind1="1" ind2=" " tag="100">
    <subfield code="a">Adams, Ansel,</subfield>
    <subfield code="d">1902-1984,</subfield>
    <subfield code="e">photographer.</subfield>
  </datafield>
  <datafield ind1="1" ind2="0" tag="245">
    <subfield code="a">Baseball game, Manzanar Relocation Center, Calif.</subfield>
    <subfield code="h">[graphic] /</subfield>
    <subfield code="c">photograph by Ansel Adams.</subfield>
  </datafield>
  <datafield ind1=" " ind2=" " tag="260">
    <subfield code="c">[1943]</subfield>
  </datafield>
  <datafield ind1=" " ind2=" " tag="300">
    <subfield code="a">1 photographic print :</subfield>
    <subfield code="b">gelatin silver mounted on white illustration board ;</subfield>
    <subfield code="c">sheet 25 x 33.5 cm, on mount 35.5 x 45.6 cm.</subfield>
  </datafield>
  <datafield ind1=" " ind2=" " tag="300">
    <subfield code="a">1 negative :</subfield>
    <subfield code="b">safety film.</subfield>
  </datafield>
  <datafield ind1=" " ind2=" " tag="336">
    <subfield code="a">still image</subfield>
    <subfield code="b">sti</subfield>
    <subfield code="2">rdacontent</subfield>
  </datafield>
  <datafield ind1=" " ind2=" " tag="337">
    <subfield code="a">unmediated</subfield>
    <subfield code="b">n</subfield>
    <subfield code="2">rdamedia</subfield>
  </datafield>
  <datafield ind1=" " ind2=" " tag="337">
    <subfield code="3">Digital image</subfield>
    <subfield code="a">computer</subfield>
    <subfield code="b">c</subfield>
    <subfield code="2">rdamedia</subfield>
  </datafield>
  <datafield ind1=" " ind2=" " tag="338">
    <subfield code="a">sheet</subfield>
    <subfield code="b">nb</subfield>
    <subfield code="2">rdacarrier</subfield>
  </datafield>
  <datafield ind1=" " ind2=" " tag="338">
    <subfield code="3">Digital image</subfield>
    <subfield code="a">online resource</subfield>
    <subfield code="b">cr</subfield>
    <subfield code="2">rdacarrier</subfield>
  </datafield>
  <datafield ind1=" " ind2=" " tag="500">
    <subfield code="a">Title transcribed from Ansel Adams' caption on verso of print.</subfield>
  </datafield>
  <datafield ind1=" " ind2=" " tag="500">
    <subfield code="a">Original neg. no.: LC-A351-3-M-6.</subfield>
  </datafield>
  <datafield ind1="0" ind2=" " tag="520">
    <subfield code="a">Japanese Americans observe an amateur baseball game in progress; one-story buildings and mountains in the background.</subfield>
  </datafield>
  <datafield ind1=" " ind2=" " tag="540">
    <subfield code="a">No known restrictions on publication.</subfield>
  </datafield>
  <datafield ind1=" " ind2=" " tag="541">
    <subfield code="c">Gift;</subfield>
    <subfield code="a">Ansel Adams;</subfield>
    <subfield code="d">1965-1968.</subfield>
  </datafield>
  <datafield ind1=" " ind2=" " tag="545">
    <subfield code="a">More information about this collection is available at</subfield>
    <subfield code="u">http://hdl.loc.gov/loc.pnp/pp.manz</subfield>
  </datafield>
  <datafield ind1=" " ind2=" " tag="580">
    <subfield code="a">Forms part of: Manzanar War Relocation Center photographs.</subfield>
  </datafield>
  <datafield ind1="8" ind2=" " tag="581">
    <subfield code="a">Published in: Eyes of the nation : a visual history of the United States / Vincent Virga and curators of the Library of Congress ; historical commentary by Alan Brinkley. New York : Knopf, 1997.</subfield>
  </datafield>
  <datafield ind1="8" ind2=" " tag="581">
    <subfield code="a">Published in: Baseball Americana : treasures from the Library of Congress / Harry Katz, et al. New York : Smithsonian Books, 2009.</subfield>
  </datafield>
  <datafield ind1="8" ind2=" " tag="581">
    <subfield code="a">Published in: The Joy of Looking: Great Photographs from the Library of Congress, 2023.</subfield>
  </datafield>
  <datafield ind1=" " ind2=" " tag="585">
    <subfield code="a">Exhibited: "Baseball Americana" at the Library of Congress, Washington, D.C., June 2018-June 2019.</subfield>
  </datafield>
  <datafield ind1="1" ind2="4" tag="610">
    <subfield code="a">Manzanar War Relocation Center</subfield>
    <subfield code="x">Facilities</subfield>
    <subfield code="y">1940-1950.</subfield>
  </datafield>
  <datafield ind1=" " ind2="4" tag="650">
    <subfield code="a">Japanese Americans</subfield>
    <subfield code="x">Forced removal and internment, 1942-1945.</subfield>
  </datafield>
  <datafield ind1=" " ind2="4" tag="650">
    <subfield code="a">World War, 1939-1945</subfield>
    <subfield code="x">Japanese Americans</subfield>
    <subfield code="z">California</subfield>
    <subfield code="z">Manzanar.</subfield>
  </datafield>
  <datafield ind1=" " ind2="4" tag="650">
    <subfield code="a">Japanese Americans</subfield>
    <subfield code="z">California</subfield>
    <subfield code="z">Manzanar</subfield>
    <subfield code="y">1940-1950.</subfield>
  </datafield>
  <datafield ind1=" " ind2="7" tag="650">
    <subfield code="a">Baseball</subfield>
    <subfield code="z">California</subfield>
    <subfield code="z">Manzanar</subfield>
    <subfield code="y">1940-1950.</subfield>
    <subfield code="2">lctgm</subfield>
  </datafield>
  <datafield ind1=" " ind2="7" tag="650">
    <subfield code="a">Sports spectators</subfield>
    <subfield code="z">California</subfield>
    <subfield code="z">Manzanar</subfield>
    <subfield code="y">1940-1950.</subfield>
    <subfield code="2">lctgm</subfield>
  </datafield>
  <datafield ind1=" " ind2="7" tag="655">
    <subfield code="a">Gelatin silver prints</subfield>
    <subfield code="y">1940-1950.</subfield>
    <subfield code="2">gmgpc</subfield>
  </datafield>
  <datafield ind1=" " ind2="7" tag="655">
    <subfield code="a">Safety film negatives</subfield>
    <subfield code="y">1940-1950.</subfield>
    <subfield code="2">gmgpc</subfield>
  </datafield>
  <datafield ind1="0" ind2=" " tag="773">
    <subfield code="a">Adams, Ansel, 1902-</subfield>
    <subfield code="t">Manzanar War Relocation Center photographs</subfield>
    <subfield code="w">(DLC)  2001695654</subfield>
  </datafield>
  <datafield ind1=" " ind2=" " tag="852">
    <subfield code="a">Library of Congress</subfield>
    <subfield code="b">Prints and Photographs Division</subfield>
    <subfield code="e">Washington, D.C. 20540 USA</subfield>
    <subfield code="n">dcu</subfield>
    <subfield code="u">http://hdl.loc.gov/loc.pnp/pp.print</subfield>
  </datafield>
  <datafield ind1="4" ind2="1" tag="856">
    <subfield code="3">digital file from original print</subfield>
    <subfield code="d">ppprs</subfield>
    <subfield code="f">00369</subfield>
    <subfield code="q">p</subfield>
    <subfield code="u">http://hdl.loc.gov/loc.pnp/ppprs.00369</subfield>
  </datafield>
  <datafield ind1="4" ind2="1" tag="856">
    <subfield code="3">digital file from original neg.</subfield>
    <subfield code="d">ppprs</subfield>
    <subfield code="f">00202</subfield>
    <subfield code="q">p</subfield>
    <subfield code="u">http://hdl.loc.gov/loc.pnp/ppprs.00202</subfield>
  </datafield>
  <datafield ind1="4" ind2="1" tag="856">
    <subfield code="3">digital file from color film copy transparency</subfield>
    <subfield code="d">cph</subfield>
    <subfield code="f">3g04834</subfield>
    <subfield code="q">p</subfield>
    <subfield code="u">http://hdl.loc.gov/loc.pnp/cph.3g04834</subfield>
  </datafield>
  <datafield ind1="4" ind2="1" tag="856">
    <subfield code="3">digital file from color film copy neg.</subfield>
    <subfield code="d">cph</subfield>
    <subfield code="f">3j00091</subfield>
    <subfield code="q">p</subfield>
    <subfield code="u">http://hdl.loc.gov/loc.pnp/cph.3j00091</subfield>
  </datafield>
  <datafield ind1=" " ind2=" " tag="985">
    <subfield code="a">pp/manz</subfield>
  </datafield>
  <datafield ind1=" " ind2=" " tag="985">
    <subfield code="a">pp/flickrba</subfield>
  </datafield>
  <datafield ind1=" " ind2=" " tag="985">
    <subfield code="a">pp/exh</subfield>
    <subfield code="e">L4804 #054.00.00</subfield>
  </datafield>
  <datafield ind1=" " ind2=" " tag="985">
    <subfield code="a">pp/diof</subfield>
  </datafield>
  <datafield ind1=" " ind2=" " tag="991">
    <subfield code="b">c-P&amp;P</subfield>
    <subfield code="v">obj.</subfield>
  </datafield>
</record>
